[Event "EU-ch Rapid"]
[Site "Katowice"]
[Date "2022.12.18"]
[Round "11"]
[White "Morgunov, Marc"]
[Black "Licznerski, Lukasz"]
[Result "0-1"]
[WhiteElo "2402"]
[BlackElo "2441"]
[PlyCount "80"]
[EventDate "2022.12.17"]
[EventType "swiss (rapid)"]
[EventRounds "11"]
[EventCountry "POL"]
[SourceTitle "CBM 211 Extra"]
[Source "ChessBase"]
[SourceDate "2023.01.31"]
[SourceVersion "1"]
[SourceVersionDate "2023.01.31"]
[SourceQuality "1"]

1. e4 c6 2. Nc3 d5 3. Nf3 Bg4 4. h3 Bh5 5. exd5 cxd5 6. g4 Bg6 7. Ne5 Nc6 8. d4 e6 9. Bb5 Rc8 10. h4 f6 11. h5 Bxc2 12. Bxc6+ bxc6 13. Qxc2 fxe5 14. dxe5 Nh6 15. Bxh6 gxh6 16. f4 Bc5 17. 0-0-0 Be3+ 18. Kb1 Bxf4 19. Rhf1 0-0 20. Qa4 Bxe5 21. Qxa7 Rb8 22. Ka1 Rxf1 23. Rxf1 Qb6 24. Qxb6 Rxb6 25. Re1 Bxc3 26. bxc3 Kf7 27. Re3 Kf6 28. a3 e5 29. Rf3+ Ke6 30. Ka2 e4 31. Rf8 Rb7 32. a4 Kd6 33. Rf6+ Kc5 34. Rxh6 Re7 35. Rf6 e3 36. Rf1 Kc4 37. Kb2 e2 38. Re1 Kd3 39. Kc1 Kxc3 40. g5 d4 0-1

[Event "EU-ch Rapid"]
[Site "Katowice"]
[Date "2022.12.18"]
[Round "8"]
[White "Morgunov, Marc"]
[Black "Player, Edmund C"]
[Result "1-0"]
[WhiteElo "2402"]
[BlackElo "2198"]
[PlyCount "75"]
[EventDate "2022.12.17"]
[EventType "swiss (rapid)"]
[EventRounds "11"]
[EventCountry "POL"]
[SourceTitle "CBM 211 Extra"]
[Source "ChessBase"]
[SourceDate "2023.01.31"]
[SourceVersion "1"]
[SourceVersionDate "2023.01.31"]
[SourceQuality "1"]

1. e4 e6 2. d4 d5 3. Nd2 h6 4. Ngf3 Nf6 5. Bd3 c5 6. e5 Nfd7 7. c3 Nc6 8. 0-0 g5 9. b3 a5 10. Bb2 a4 11. bxa4 c4 12. Bc2 Qa5 13. Ne1 Nb6 14. f4 Nd8 15. Qh5 Rg8 16. f5 Nxa4 17. fxe6 Bxe6 18. Bf5 Bxf5 19. Rxf5 Nxb2 20. e6 Qc7 21. exf7+ Nxf7 22. Nef3 Nd3 23. Ne5 Ndxe5 24. dxe5 Qb6+ 25. Kh1 Qg6 26. Qf3 Bg7 27. Rf1 Nd8 28. Qxd5 Qe6 29. Qe4 Rc8 30. Nf3 Nc6 31. Nd4 Nxd4 32. cxd4 Rf8 33. Rxf8+ Bxf8 34. d5 Qe7 35. d6 Qe6 36. Rf6 Qd7 37. Qg6+ Kd8 38. Rxf8+ 1-0

[Event "EU-ch Rapid"]
[Site "Katowice"]
[Date "2022.12.17"]
[Round "5"]
[White "Beliavsky, Alexander G"]
[Black "Morgunov, Marc"]
[Result "1/2-1/2"]
[WhiteElo "2499"]
[BlackElo "2402"]
[PlyCount "93"]
[EventDate "2022.12.17"]
[EventType "swiss (rapid)"]
[EventRounds "11"]
[EventCountry "POL"]
[SourceTitle "CBM 211 Extra"]
[Source "ChessBase"]
[SourceDate "2023.01.31"]
[SourceVersion "1"]
[SourceVersionDate "2023.01.31"]
[SourceQuality "1"]

1. Nf3 Nf6 2. c4 g6 3. Nc3 Bg7 4. e4 d6 5. d4 0-0 6. Be2 e5 7. 0-0 Nc6 8. d5 Ne7 9. Nd2 Nd7 10. b4 f5 11. f3 f4 12. c5 Nf6 13. Nc4 g5 14. cxd6 cxd6 15. Nb5 Ne8 16. a4 Rf7 17. Bd2 Bf8 18. Be1 a6 19. Nc3 b6 20. a5 b5 21. Nb6 Rb8 22. Nxc8 Rxc8 23. Rc1 Nf6 24. Bf2 h5 25. Bb6 Qd7 26. Qd3 g4 27. Na2 Rg7 28. Kh1 Ne8 29. Rxc8 Nxc8 30. Bg1 Be7 31. Rc1 Bd8 32. Rc6 Qb7 33. Nc1 g3 34. h3 Rc7 35. Rxc7 Bxc7 36. Nb3 Bb8 37. Qc3 Ne7 38. Bb6 Kf7 39. Qc1 Qc8 40. Qxc8 Nxc8 41. Kg1 Ba7 42. Bxa7 Nxa7 43. Kf1 h4 44. Ke1 Ke7 45. Kd2 Kd7 46. Kc3 Kc7 47. Nc1 1/2-1/2

[Event "EU-ch Blitz"]
[Site "Katowice"]
[Date "2022.12.16"]
[Round "16"]
[White "Morgunov, Marc"]
[Black "Grabarczyk, Miroslaw"]
[Result "1/2-1/2"]
[WhiteElo "2402"]
[BlackElo "2337"]
[PlyCount "155"]
[EventDate "2022.12.16"]
[EventType "swiss (blitz)"]
[EventRounds "22"]
[EventCountry "POL"]
[SourceTitle "CBM 211 Extra"]
[Source "ChessBase"]
[SourceDate "2023.01.31"]
[SourceVersion "1"]
[SourceVersionDate "2023.01.31"]
[SourceQuality "1"]

1. e4 e5 2. Nf3 Nf6 3. Nc3 Nc6 4. d3 Bb4 5. Bd2 0-0 6. a3 Bxc3 7. Bxc3 d5 8. Nxe5 Nxe5 9. Bxe5 dxe4 10. dxe4 Qe7 11. Bxf6 Qxf6 12. c3 Rd8 13. Qc2 Qg5 14. h4 Qg6 15. Bd3 Qxg2 16. 0-0-0 Qf3 17. Kb1 Be6 18. Rhg1 Rd7 19. e5 Kh8 20. Rg3 Qf4 21. Rdg1 Rad8 22. Ka1 Qxe5 23. Rxg7 Rxd3 24. Qxd3 Qe1+ 25. Rxe1 Rxd3 26. Rg3 Rd2 27. Rf3 Kg7 28. Rg1+ Kf8 29. h5 h6 30. Rf6 Ke7 31. Rxh6 Rxf2 32. Rh8 Rh2 33. h6 a5 34. h7 a4 35. Kb1 Bf5+ 36. Kc1 Rxh7 37. Rxh7 Bxh7 38. Rg4 b5 39. Rg5 c6 40. Kd2 Bg6 41. Ke3 Kd6 42. Kd4 Bc2 43. Rg8 c5+ 44. Ke3 Bg6 45. Rd8+ Kc6 46. Kf4 f6 47. Rf8 Kd5 48. Rxf6 Bb1 49. Ke3 Kc4 50. Kd2 Bh7 51. Rf4+ Kb3 52. Kc1 Bg6 53. Rg4 Bh7 54. Rg5 Kc4 55. Rg4+ Kb3 56. Rh4 Bg6 57. Rh6 Bd3 58. Rh5 Kc4 59. Rg5 Bh7 60. Kd2 Bb1 61. Ke3 Bh7 62. Kd2 Bb1 63. Rg4+ Kb3 64. Kc1 Bh7 65. c4 bxc4 66. Rg3+ Bd3 67. Rg5 c3 68. bxc3 c4 69. Kd2 Kxa3 70. Rb5 Ka2 71. Kc1 a3 72. Rb4 Ka1 73. Rb6 Ka2 74. Ra6 Kb3 75. Ra5 Bh7 76. Ra7 Bd3 77. Ra5 Bh7 78. Ra7 1/2-1/2